| 000 | 00652nam a2200181 a 4500 | ||
|---|---|---|---|
| 008 | 111117s1988 ||||||||||||||||| || u | ||
| 020 | _a0683053248 | ||
| 050 | _aRC 871 Mac | ||
| 100 | _aMacfarlane, Michael T | ||
| 245 | 1 | 0 | _aUrology for the house officer |
| 260 |
_aBaltimore,MD _bWilliams & Wilkins _c1988 |
||
| 300 | _axiv, 251.: ill. | ||
| 350 | _a0.00 | ||
| 650 | _aUROLOGY | ||
| 650 | _aGENITOURINARY ORGANS--DISEASES | ||
| 650 | _aUROLOGIC DISEASES | ||
| 995 |
_aMEDICAL LIBRARY OPEN ACCESS _D0.00 _e901420 _FCBU-SCHOOL OF MEDICINE LIBRARY (Ndola) _H1 _I0.00 _jRC 871 Mac _M1 _UDAMAGED _WNov 17, 2011 _y901420 _ZMedical Library Open Access Collection |
||
| 999 |
_c32961 _d32961 |
||